[Event "45th Sitges Open 2019"]
[Site "Sitges"]
[Date "2019.07.23"]
[Round "2.2"]
[White "Guliyev, Namig"]
[Black "Meessen, Rudolf"]
[Result "1-0"]
[WhiteElo "2551"]
[BlackElo "2269"]
[Annotator "TA"]
[PlyCount "102"]
[EventDate "2019.07.21"]
[EventType "swiss"]
[EventCountry "ESP"]
[SourceTitle "playchess.com"]
[Source "ChessBase"]
[SourceQuality "1"]

{[%evp 13,102,0,0,-51,-36,-53,-43,-124,-114,-107,-128,-126,-130,-125,-114,-108,-118,-150,-149,-145,-146,-150,-156,-192,-243,-415,-360,-353,-358,-348,-349,-343,-348,-418,-385,-395,-307,-350,-353,-347,127,128,127,127,139,139,137,130,133,129,319,316,307,270,471,455,864,870,1116,1055,1064,1190,843,574,1178,1168,1195,1168,974,954,906,1045,1131,1110,1003,997,892,854,29986,29987,29987,29988,29990,29991,29991,29992,29992,29993,29993,29994,29996]} 1. e4 e6 2. d4 d5 3. Nc3 Nf6 4. e5 Nfd7 5. Nce2 c5 6. c3 Nc6 7. Nf3 Be7 8. Nf4 {C11: French: Classical System: 4 e5 and 4 Bg5 dxe4} (8. a3 $11) 8... cxd4 9. cxd4 Qb6 10. a3 (10. Be3 $15) 10... g5 $1 $17 11. Nh5 g4 12. Ng5 Rg8 $1 $36 {[%mdl 2048] Black is on the roll.} (12... Nxd4 $6 13. Qxd4 $1 {[%mdl 512]} Qxd4 14. Ng7+ Kf8 15. N7xe6+ $1 {[%mdl 512]} fxe6 16. Nxe6+ Kf7 17. Nxd4 $11) 13. Nxh7 Qxd4 (13... Nxd4 $2 14. Be3 $18) 14. Qxd4 $146 ({Predecessor:} 14. N7f6+ Bxf6 15. Nxf6+ Nxf6 16. exf6 Qxf6 {0-1 (44) Afek,Y (2386)-Bauer,C (2579) France 2003}) 14... Nxd4 15. Bd3 Nb3 16. Rb1 Nxc1 ({And not} 16... Nxe5 17. N5f6+ Kd8 18. Bc2 $11) 17. Rxc1 Nxe5 18. N7f6+ Kd8 19. Bb1 $2 {[#]} (19. Nxg8 {was forced.} Nxd3+ 20. Kd2 Nxc1 21. Kxc1) 19... Rg6 $1 {[%mdl 512]} 20. Bxg6 fxg6 21. Rd1 {intending Nxd5.} gxh5 22. Nxh5 Bd7 23. h3 Ba4 24. Rd4 Bb5 25. hxg4 {and the idea Nf4 leaves White hopeful.} Bc5 26. Rd2 Nd3+ $2 {[#]} ({Better is} 26... Ke7 $19 {aiming for ...Rf8.} 27. Rh3 Nxg4) 27. Rxd3 $1 $16 {[%mdl 576] Remove Defender} Bxd3 28. Nf4 $1 {[%csl LRd3,LRe6][%mdl 64] Double Attack} Kd7 {White must now prevent ...Bc4.} 29. Nxd3 {[%mdl 4096] Endgame KRB-KRN} Bd4 30. Rh7+ Kd6 31. f4 Rh8 $2 {[#]} (31... Rg8 $16) 32. Rxh8 $1 $18 ({Not} 32. Rxb7 Rh4 $16) 32... Bxh8 {KB-KN} 33. Ke2 d4 $2 (33... Ke7 {might work better.} 34. Ke3 b6) 34. Kf3 Kd5 (34... Ke7 $142 35. Ke4 Kf7) 35. g5 b5 36. g4 a5 37. b3 {[%cal Bb2b3,Bb3b4][%mdl 32]} Bg7 38. g6 Bf8 39. g5 a4 40. b4 Kc4 41. Ke4 Kc3 42. Nc5 Bg7 43. Nxe6 d3 {[#]} 44. Nc7 $1 {[%cal Rc7d5]} ({Worse is} 44. Nxg7 d2 $11) 44... Kc4 45. Nd5 Bd4 46. Ne3+ {[%mdl 64] Overworked Piece. White mates.} Bxe3 47. g7 d2 48. g8=Q+ Kc3 49. Qd5 Kc2 50. Qd3+ {[%mdl 64] Double Attack} Kc1 51. Qxe3 Kd1 {Accuracy: White = 69%, Black = 49%.} 1-0

[Event "45th Sitges Open 2019"]
[Site "Sitges"]
[Date "2019.07.23"]
[Round "2.3"]
[White "Pena Morales, Hugo"]
[Black "Volkov, Sergey"]
[Result "0-1"]
[WhiteElo "2267"]
[BlackElo "2548"]
[Annotator "TA"]
[PlyCount "80"]
[EventDate "2019.07.21"]
[EventType "swiss"]
[EventCountry "ESP"]
[SourceTitle "playchess.com"]
[Source "ChessBase"]
[SourceQuality "1"]

{[%evp 23,99,18,15,0,18,-14,0,0,0,0,0,-20,-21,-20,0,0,0,0,0,0,0,0,0,0,0,-172,-168,-153,-93,-82,-84,-157,-162,-170,-170,-170,-159,-160,-161,-162,-160,-156,-160,-181,-192,-225,-219,-196,-185,-354,-352,-511,-511,-492,-498,-702,-669,-5114,-9449,-6709,-6230,-4698,-3280,-29954,-29959,-29962,-29967,-29967,-29968,-29953,-29959,-29972,-29973,-29982,-29983,-29984,-29985,-29986]} 1. e4 e6 2. d4 d5 3. Nd2 c5 4. exd5 Qxd5 5. Ngf3 cxd4 6. Bc4 Qd6 7. O-O Nf6 8. Nb3 Nc6 9. Nbxd4 Nxd4 10. Qxd4 Qxd4 11. Nxd4 Bd7 12. Be2 Rc8 13. c4 {C07: French Tarrasch: 3...c5, 4 Ngf3 and 4 exd5 Qxd5} e5 (13... Bc5 $5 {[%cal Rc5d4]} 14. Nb3 Bb6 $11) (13... Bc5 14. Rd1 e5 15. Nc2 Bf5 16. Ne3 Be6 17. Bf3 b6 18. b3 Bd4 19. Rb1 O-O 20. Ba3 Rfd8 21. h3 Rd7 22. g4 Rcd8 23. Bc6 Rc7 24. Bf3 Rcd7 25. Bc6 Rc7 26. Bf3 Rcd7 27. Bc6 Rc7 {½-½ (27) Lu,S (2620)-Sethuraman,S (2619) China 2017}) 14. Nb3 Be6 $146 ({Predecessor:} 14... Bd6 15. Be3 b6 16. Rac1 Ng4 17. Rfd1 Nxe3 18. Rxd6 Nf5 19. Rd5 f6 20. Bg4 Be6 {1-0 (85) Berebora,F (2430)-Kleeschaetzky,R (2339) Germany 2016}) 15. Be3 {The position is equal.} b6 16. Rfc1 Nd7 17. a4 a5 18. Rd1 Nc5 19. Nxc5 Bxc5 20. Bxc5 bxc5 21. Rd6 Ke7 22. Rb6 Bd7 $36 {[%mdl 2048] Black is more active.} 23. Bf3 Rb8 24. Rb5 $2 (24. Ra6 $11 {and White is okay.}) 24... Bxb5 $19 25. axb5 {[%mdl 4096] Endgame [#] KRR-KRB} f5 (25... Rhd8 $142 $1 26. Bc6 Rd4) 26. Bc6 $17 Rhd8 27. h4 (27. Kf1 $142) 27... Rd4 28. b3 Rxh4 29. Rxa5 Rd4 30. Ra7+ Kf6 31. Ra6 Rd6 32. Bd5 Rbb6 33. Ra5 {[#]} e4 $1 34. f4 g5 35. g3 h5 36. Kf2 $2 (36. Ra8) 36... h4 $19 37. fxg5+ (37. Kg2 $142) 37... Kxg5 38. gxh4+ Kf4 39. b4 (39. Ra8 $142 Rh6 40. Bc6) 39... cxb4 40. c5 {[#]} e3+ {Played: Rb6xb5} 0-1

[Event "45th Sitges Open 2019"]
[Site "Sitges"]
[Date "2019.07.23"]
[Round "2.4"]
[White "Munoz, Miguel"]
[Black "Larsson, Anders"]
[Result "1-0"]
[WhiteElo "2511"]
[BlackElo "2260"]
[Annotator "TA"]
[PlyCount "110"]
[EventDate "2019.07.21"]
[EventType "swiss"]
[EventCountry "ESP"]
[SourceTitle "playchess.com"]
[Source "ChessBase"]
[SourceQuality "1"]

{[%evp 9,110,-24,2,-41,-47,-51,-41,-25,-18,-46,-46,-42,-31,-50,-20,-33,-35,-17,-19,-19,0,0,0,-2,23,26,22,0,33,19,28,18,13,10,73,61,71,33,39,33,35,20,33,36,55,22,28,33,48,21,36,15,31,0,36,24,35,0,43,13,10,14,14,0,50,66,125,110,108,93,70,32,126,125,243,260,299,295,712,724,729,728,727,707,726,727,716,718,711,706,675,669,1000,852,922,992,1034,977,1048,1034,1143,1134,883]} 1. e4 e5 2. d4 exd4 3. Qxd4 Nc6 4. Qe3 Nf6 5. Bd2 Bb4 (5... Be7 6. Nc3 d5 7. Nxd5 Nxd5 8. exd5 Qxd5 9. Ne2 O-O 10. Nf4 Qc5 11. O-O-O Bf5 12. Qxc5 Bxc5 13. Bd3 Bxd3 14. Nxd3 Bb6 15. Rhe1 Rfe8 16. c3 Kf8 {½-½ (60) Artemiev,V (2704)-Fedoseev,V (2706) Poikovsky 2018}) 6. c3 {C22: Centre Game} Be7 7. c4 O-O 8. Nc3 {Black is slightly better.} Re8 9. O-O-O Bb4 10. f3 d6 11. Nh3 Ne5 $146 ({Predecessor:} 11... a5 12. Nf4 Bc5 13. Qe1 Ne5 14. Be3 {1-0 (34) Munoz Pantoja,M (2504)-Fernandez Aguilar,F (2063) Barcelona 2018}) 12. Nf4 a6 13. Kb1 Bd7 14. Ncd5 Bxd2 15. Rxd2 Nxd5 16. Nxd5 b6 17. g4 Be6 18. g5 Bxd5 19. cxd5 f5 $1 20. gxf6 Qxf6 21. f4 Ng6 (21... Qh6 $11 {remains equal.}) 22. Rf2 $16 Qh4 {next ...Rxe4! is good for Black.} 23. Bg2 Re7 $1 24. Rhf1 Rae8 25. Qc3 a5 26. a3 Rf8 {[%cal Rf8f4]} 27. Qg3 Qf6 28. Qe3 Rfe8 $1 29. Rc2 Qh4 30. Qg3 Qf6 31. Qe3 Nh4 32. Bh1 Ng6 $1 33. Rcf2 Nf8 34. Rc1 Ng6 35. Ka2 Rf8 {[%cal Rg6f4]} 36. Rcf1 Rfe8 37. Qd3 Nf8 (37... Rd8 $14) 38. Qc4 Qh4 39. Bg2 Ng6 40. Qc3 Rf8 {[#]} (40... Qf6 $14) 41. Bh3 $1 Qf6 {[#]} (41... Rxf4 $16 42. Be6+ Rxe6 43. Rxf4 Nxf4 44. dxe6 Nxe6) 42. e5 $1 $18 {[%cal Re5f6][%mdl 512]} dxe5 43. fxe5 Qxf2 $2 (43... Qxe5 44. Qxe5 Rxe5) 44. Rxf2 {White is clearly winning.} Rxf2 45. d6 cxd6 46. exd6 Re8 47. Qb3+ Kh8 48. Qxb6 Rff8 49. Qxa5 Nf4 50. Bf5 Ng6 51. d7 Ra8 52. Qc5 Rfd8 53. b4 {[%cal Bb2b4,Bb4b5][%mdl 32]} Nf8 54. Qc7 Kg8 55. b5 Kf7 {Accuracy: White = 64%, Black = 45%.} 1-0

[Event "45th Sitges Open 2019"]
[Site "Sitges"]
[Date "2019.07.23"]
[Round "2.5"]
[White "Vittorino, Carlo Giovanni"]
[Black "Oliva Castaneda, Kevel"]
[Result "1/2-1/2"]
[WhiteElo "2252"]
[BlackElo "2467"]
[Annotator "TA"]
[PlyCount "78"]
[EventDate "2019.07.21"]
[EventType "swiss"]
[EventCountry "ESP"]
[SourceTitle "playchess.com"]
[Source "ChessBase"]
[SourceQuality "1"]

{[%evp 18,78,75,65,73,50,68,50,79,72,75,82,88,87,118,121,129,125,155,116,134,116,154,106,131,78,103,83,71,54,166,167,165,157,147,133,139,119,144,140,131,95,100,100,100,100,100,100,100,100,100,100,100,100,100,92,104,97,97,90,90,90,91]} 1. d4 Nf6 2. c4 c5 3. d5 d6 4. Nc3 g6 5. e4 Bg7 6. Bd3 O-O 7. h3 e6 8. Nf3 Na6 9. O-O Nc7 10. Re1 b6 {E90: King's Indian: Classical: Early deviations and 6 h3} 11. Bf1 $146 ({Predecessor:} 11. dxe6 Nxe6 12. Be3 Bb7 13. Qd2 Re8 14. Rad1 Nd7 15. Bf1 Ne5 16. Nh2 Nd4 17. Bxd4 cxd4 18. Nd5 {0-1 (43) Valles,M (2401)-Hickl,J (2560) Switzerland 2016}) 11... Bb7 12. a4 a5 {White is slightly better.} 13. Ra3 e5 14. Nh2 Nd7 15. g4 Na6 16. Nb5 Qe7 17. Rg3 Kh8 18. Bd3 Rg8 19. b3 Rac8 20. Kh1 Nc7 21. Na3 (21. g5 $142) 21... Rcf8 22. Nc2 {[%cal Ba3c2,Bc2e3,Be3f1][%mdl 32]} Bc8 23. Ne3 f6 ({Better is} 23... Nf6 $14) 24. Reg1 $18 Rf7 25. Nef1 Qf8 26. h4 Bh6 27. g5 fxg5 28. hxg5 Bg7 29. Rf3 Rxf3 {White is better.} 30. Qxf3 ({But not} 30. Nxf3 $6 Nb8 $11) 30... Qxf3+ 31. Nxf3 Rf8 32. N1h2 Nb8 33. Kg2 Nba6 34. Ne1 Nb4 35. Be2 Rf7 36. Bg4 Bxg4 37. Nxg4 Ne8 38. Bd2 Bf8 39. Rf1 Bg7 {Accuracy: White = 73%, Black = 45%.} 1/2-1/2

[Event "45th Sitges Open 2019"]
[Site "Sitges"]
[Date "2019.07.23"]
[Round "2.6"]
[White "Berdayes Ason, Dylan Isidro"]
[Black "Corrales Jimenez, Zenia"]
[Result "1-0"]
[WhiteElo "2461"]
[BlackElo "2212"]
[Annotator "TA"]
[PlyCount "57"]
[EventDate "2019.07.21"]
[EventType "swiss"]
[EventCountry "ESP"]
[SourceTitle "playchess.com"]
[Source "ChessBase"]
[SourceQuality "1"]

{[%evp 16,57,39,32,50,42,74,72,72,71,62,50,71,29,94,98,96,89,135,114,169,177,164,86,151,152,160,142,135,155,368,247,252,253,240,253,242,235,268,260,612,537,591,581]} 1. Nf3 Nf6 2. c4 g6 3. Nc3 d5 4. cxd5 Nxd5 5. Qb3 Nb6 6. d4 Bg7 7. Bf4 O-O 8. Rd1 c6 9. e4 a5 {D90: Grünfeld: 4 Nf3 Bg7 sidelines} (9... Bg4 10. Be2 Bxf3 11. Bxf3 Bxd4 12. Ne2 c5 13. e5 Nc6 14. e6 f5 15. h4 Qc8 16. Bxc6 Qxc6 17. Nxd4 cxd4 {1-0 (42) Maghsoodloo,P (2666)-Safarli,E (2681) Bandar e Anzali 2019}) 10. Be2 a4 11. Qc2 Na6 {White is better.} 12. h4 $146 ({Predecessor:} 12. O-O Bg4 13. Ne5 Bxe2 14. Qxe2 Nc7 15. Be3 Nd7 16. f4 {0-1 (60) Horvath,D (2286)-Puranik,A (2452) Zalakaros 2016}) 12... h5 13. Ne5 Nd7 14. g4 Nb4 {[#]} (14... Nxe5 $11 15. dxe5 Qa5) 15. Qb1 $1 $16 Nxe5 16. dxe5 Qc7 17. a3 Na6 (17... Bxg4 $16 {was necessary.} 18. Bxg4 (18. axb4 Bxe2 19. Nxe2 Bxe5 $16) 18... hxg4) 18. gxh5 $18 Bxe5 19. Bh6 (19. Be3 $18) 19... Bg7 ({Black should try} 19... Be6) 20. Qc1 $16 {Strongly threatening hxg6.} Nc5 21. hxg6 fxg6 22. h5 {[#] Black must now prevent Bxg7.} Qe5 $2 (22... Bxh6 $16 23. Qxh6 Qf4 24. hxg6 (24. Qxg6+ Kh8 $18) 24... Qxh6 25. Rxh6 Be6) 23. Bxg7 Kxg7 24. hxg6 {Intending Qh6+ and mate.} Qf4 25. Qxf4 Rxf4 26. Rd8 {Threatens to win with Rh7+.} Ne6 27. Re8 Nf8 $2 (27... Rf8 28. Rh7+ Kxg6 29. Rexe7 Kf6) 28. Bh5 Nxg6 29. Bxg6 {Accuracy: White = 72%, Black = 48%.} 1-0

[Event "45th Sitges Open 2019"]
[Site "Sitges"]
[Date "2019.07.23"]
[Round "2.7"]
[White "Blandon, Luis Guillermo"]
[Black "Sreeshwan, Maralakshikari"]
[Result "1/2-1/2"]
[WhiteElo "2239"]
[BlackElo "2461"]
[Annotator "TA"]
[PlyCount "113"]
[EventDate "2019.07.21"]
[EventType "swiss"]
[EventCountry "ESP"]
[SourceTitle "playchess.com"]
[Source "ChessBase"]
[SourceQuality "1"]

{[%evp 18,113,26,18,32,14,28,22,14,27,22,18,20,7,16,18,5,5,16,26,26,0,0,0,0,-30,53,0,0,0,0,0,112,111,98,105,102,85,103,106,106,109,110,110,101,69,98,54,62,62,52,0,81,59,62,85,136,0,90,69,70,102,88,91,112,123,102,137,131,0,1,0,0,0,0,0,0,0,0,0,0,-8,-8,-8,-8,-12,0,0,0,0,0,0,0,0,0,0,0,0]} 1. e4 c6 2. d4 d5 3. Nc3 dxe4 4. Nxe4 Bf5 5. Ng3 Bg6 6. h4 h6 7. Nf3 e6 8. Ne5 Bh7 9. Bd3 Bxd3 10. Qxd3 Nd7 {B19: Classical Caro-Kann: 4...Bf5 main line} 11. f4 (11. Bf4 Nxe5 12. Bxe5 Qa5+ 13. c3 Nf6 14. Qe2 Nd7 15. Bf4 Be7 16. Ne4 Nf6 17. Nxf6+ Bxf6 18. h5 Bxd4 {½-½ (69) Saric,I (2690)-Eljanov,P (2680) chess.com INT 2019}) 11... Bb4+ 12. c3 Be7 13. Bd2 Ngf6 14. Qe2 O-O 15. f5 Qc7 $146 {With the idea ...Bd6.} ({Predecessor:} 15... Bd6 16. fxe6 fxe6 17. O-O-O Qc7 18. Nxd7 Qxd7 {½-½ (61) Kryakvin,D (2581)-Predke,A (2491) Voronezh 2014}) 16. fxe6 fxe6 17. O-O-O Rae8 18. Nxd7 Qxd7 19. Bf4 Bd6 20. Be5 Qc7 21. Rhf1 Nd7 (21... Bxe5 $11 22. dxe5 Nd5) 22. Bxg7 (22. Bxd6 $14 Qxd6 23. Ne4) 22... Kxg7 $11 23. Nh5+ $1 Kh8 {Hoping for ...Qa5.} 24. Qe3 $40 {[%mdl 128] Black needs to defend precisely.} Nb6 (24... Re7 $11) 25. Qxh6+ $16 Qh7 26. Qxh7+ Kxh7 27. Nf6+ {[%mdl 64] Double Attack} Kg7 28. Nxe8+ Rxe8 29. Rde1 Nd5 30. Rf3 Re7 31. Ref1 b5 32. g4 c5 33. dxc5 Bxc5 34. Re1 (34. Kb1 $14) 34... Bd6 (34... e5 $1 $11 {remains equal.}) 35. Kc2 Bf4 36. Rd3 Nf6 (36... Nb6 $142) 37. Rf3 (37. g5 $16 Nh5 38. Red1) 37... Bc7 (37... Nd5 $11 {keeps the balance.}) 38. Ref1 Nd5 39. Kd3 e5 {And now ...e4+ would win.} 40. Ke4 Nf4 41. Rd1 Kf6 {[#]} 42. c4 $1 Rh7 {[#]} 43. cxb5 ({White must play} 43. Ra3 $1 $16 {[%cal Ra3a7]} Rxh4 44. Rxa7 Rxg4 45. cxb5 Ne6+ 46. Kd5) 43... Rxh4 $11 {The position is equal.} 44. Rd7 Bb6 45. Rd6+ Kg5 46. Kxe5 Bc7 47. Rc3 $1 {[%cal Rc3c7]} Rh7 {...Re7+ is the strong threat.} 48. Rxc7 Rxc7 {[%mdl 4096] Endgame KRN-KR} 49. b6 axb6 50. Rxb6 Ra7 51. a3 Nd3+ (51... Kxg4 {keeps more tension.} 52. Rb8 Ra5+ 53. Kd4 Kf5 54. Rf8+ Kg5) 52. Kd4 Nxb2 (52... Nf2 {seems wilder.} 53. Kc5 Nd1 54. Rb4 Nxb2 55. Rxb2 Rxa3 56. Rb4 Ra1) 53. Rxb2 {aiming for Ra2.} Rxa3 54. Rg2 Ra4+ 55. Ke3 Rxg4 56. Rxg4+ Kxg4 57. Ke4 {Accuracy: White = 60%, Black = 45%.} 1/2-1/2

[Event "45th Sitges Open 2019"]
[Site "Sitges"]
[Date "2019.07.23"]
[Round "2.8"]
[White "Sturt, Raven"]
[Black "Avila Jimenez, Xavier"]
[Result "1-0"]
[WhiteElo "2429"]
[BlackElo "2198"]
[Annotator "TA"]
[PlyCount "66"]
[EventDate "2019.07.21"]
[EventType "swiss"]
[EventCountry "ESP"]
[SourceTitle "playchess.com"]
[Source "ChessBase"]
[SourceQuality "1"]

{[%evp 9,66,-20,-14,-17,25,28,21,-83,-92,-70,-76,-88,-76,-99,-119,-388,-369,-367,-339,-322,-322,-307,-306,-985,-172,-172,-167,-261,0,0,0,-89,0,-75,-85,-208,-114,-195,-68,-63,41,-67,-31,-43,-39,-46,61,54,233,232,277,304,580,567,597,591,579,579,699]} 1. f4 d5 2. Nf3 Nf6 3. g3 Nc6 4. Bg2 h5 (4... Bf5 5. O-O e6 6. d3 Bc5+ 7. Kh1 O-O 8. Nc3 Ng4 9. d4 Bb4 10. Nb1 Nf6 11. c3 {0-1 (30) Di Nicolantonio,L (2359)-Epishin,V (2568) Metz 2019}) 5. O-O Bg4 6. Ne5 $146 {A03: Bird's Opening with 1...d5} ({Predecessor:} 6. h3 Bxf3 7. Bxf3 Nd4 8. Bg2 Nf5 9. Qe1 Ne4 10. Bxe4 dxe4 11. Nc3 h4 12. g4 Ng3 13. Rf2 {0-1 (22) De Paula,G (1972)-De Paula,R (2236) Cuiaba 2014}) 6... h4 (6... Nd4 {feels hotter.} 7. Re1 e6 8. c3 Nf5 9. d4 Nd6) 7. Nxg4 Nxg4 8. e4 {[#]} (8. h3 $1 $11) 8... Nxh2 $1 $17 {[%mdl 512]} 9. Kxh2 hxg3+ 10. Kxg3 e5 11. Qg4 exf4+ $1 12. Kf2 $2 {[%mdl 8192]} ({But not} 12. Qxf4 $2 Bd6 $1 $19 {[%mdl 512]}) (12. Rxf4 $17 Bd6 13. Kf2 Bxf4 14. Qxf4) 12... Rh4 $19 13. Qf5 Bc5+ 14. Ke1 Nd4 15. Qe5+ Kf8 $1 {...f3 is the strong threat.} 16. Kd1 $2 (16. Rxf4 Nxc2+ 17. Kd1 Nxa1 18. Rf1) 16... f3 $2 (16... Qd7 {( -> ...Qg4+)} 17. Rf3 Nxf3) 17. Bxf3 Nxf3 18. Qc3 (18. Qxd5 {was worth a try.} Qxd5 19. exd5) 18... Qe7 $2 (18... dxe4 $19 19. Qxc5+ Kg8) 19. Qxf3 $11 dxe4 20. Qe2 (20. Qg3 $11 {remains equal.}) 20... Qe5 (20... e3 $1 $17) 21. c3 (21. d3 $11 Rh2 22. Bf4 Rxe2 23. Bxe5 exd3 {[%mdl 64] Discovered Attack} 24. Bxc7) 21... Rh2 $17 {[%mdl 1024] [#] Black has strong compensation.} 22. Qc4 (22. Rf5 $1 $17 {[%mdl 512]} Qxf5 23. Qxh2) 22... Bf2 (22... Qh5+ $1 $19 23. Kc2 e3) 23. Kc2 {[#]} (23. a4 $17) 23... Rd8 (23... b5 $1 $19 {[%cal Rb5c4]} 24. Qc6 Rb8) 24. a4 $1 $15 Rd6 ({Black should try} 24... g5 $1 $15) 25. a5 (25. Na3 $14) 25... Rc6 26. Qb4+ {[%mdl 64] Double Attack} Kg8 {Threatens to win with ...Qd5.} 27. Ra4 f5 ({Black should play} 27... e3 $15 28. Qe4 Qb5) 28. Qxb7 $14 Qe8 $2 {[#]} (28... Qd5 $14 29. Rxf2 Rxf2 30. Qxa7 Rh2) 29. Na3 $1 $18 Rd6 30. Rc4 e3 $2 (30... c6 31. Kb1 Kh7) 31. dxe3 {White is clearly winning.} Bxe3+ 32. Kb1 Bxc1 33. Rxc1 Qe2 {Accuracy: White = 31%, Black = 23%.} 1-0

[Event "45th Sitges Open 2019"]
[Site "Sitges"]
[Date "2019.07.24"]
[Round "3.1"]
[White "Baklan, Vladimir"]
[Black "Harikrishnan.A.Ra"]
[Result "1-0"]
[WhiteElo "2621"]
[BlackElo "2401"]
[Annotator "TA"]
[PlyCount "45"]
[EventDate "2019.07.21"]
[EventType "swiss"]
[EventCountry "ESP"]
[SourceTitle "playchess.com"]
[Source "ChessBase"]
[SourceQuality "1"]

{[%evp 9,45,13,7,0,0,0,20,-6,-11,-16,14,1,10,18,89,85,90,86,81,96,115,103,136,113,168,154,162,145,399,399,382,387,348,295,300,300,609,420]} 1. e4 e5 2. Nf3 Nc6 3. Bb5 a6 4. Ba4 Nf6 5. Nc3 Bc5 6. Bxc6 {C77: Ruy Lopez: 3...a6 4 Ba4 Nf6, unusual lines} dxc6 7. d3 h6 (7... Qd6 8. h3 Be6 9. Be3 Nd7 10. Bxc5 Nxc5 11. Qd2 Nd7 12. d4 exd4 13. Nxd4 c5 14. Nxe6 fxe6 {1-0 (76) Carlsen,M (2835)-Anand,V (2773) Wijk aan Zee 2019}) 8. Ne2 {The position is equal.} (8. Nxe5 {is more complex.} Qd4 9. Be3 Qxe5 10. d4 Qe7 11. dxc5 Nxe4 12. Qd4) 8... Bd6 9. Ng3 c5 10. O-O $146 ({Predecessor:} 10. a4 g6 11. h3 Nd7 12. c3 b6 13. O-O Bb7 14. Re1 {½-½ (23) Bergstrom,R (2301)-Agrest,I (2189) Stockholm 2011}) 10... Be6 11. c3 Qd7 {[#]} (11... Nd7 $11 {keeps the balance.}) 12. d4 $1 $16 {[%cal Rd4e5]} Bg4 {[#]} 13. h3 $1 {[%cal Rh3g4]} Bxf3 14. Qxf3 O-O-O 15. d5 Rdf8 16. c4 Ne8 (16... Kb8 $16 {might work better.}) 17. b4 cxb4 18. a3 bxa3 $2 {[%mdl 8192]} (18... g6 $16 {was necessary.}) 19. Bxa3 $18 Bxa3 20. Qxa3 Nd6 21. c5 Nb5 {[#]} 22. c6 $1 {[%mdl 512] Intending cxb7+ and mate.} Qd6 $2 (22... Nxa3 23. cxd7+ Kxd7) (22... bxc6 23. Qxa6+) 23. Qb2 {Accuracy: White = 60%, Black = 23%.} 1-0

[Event "45th Sitges Open 2019"]
[Site "Sitges"]
[Date "2019.07.24"]
[Round "3.2"]
[White "Anuj, Shrivatri"]
[Black "Guliyev, Namig"]
[Result "0-1"]
[WhiteElo "2372"]
[BlackElo "2551"]
[Annotator "ChessBase"]
[PlyCount "66"]
[EventDate "2019.07.21"]
[EventType "swiss"]
[EventCountry "ESP"]
[SourceTitle "playchess.com"]
[Source "ChessBase"]
[SourceQuality "1"]
[TimeControl "40/5400+30:1800+30"]

1. c4 {[%emt 0:00:00]} Nf6 {[%emt 0:04:15]} 2. Nf3 {[%emt 0:00:32]} c6 {[%emt 0:01:43]} 3. Nc3 {[%emt 0:05:56]} d5 {[%emt 0:00:06]} 4. e3 {[%emt 0:00:04]} e6 {[%emt 0:00:11]} 5. Qc2 {[%emt 0:01:44]} Nbd7 {[%emt 0:00:08]} 6. b3 {[%emt 0:00:49]} a6 {[%emt 0:00:13]} 7. Bb2 {[%emt 0:01:38]} b5 {[%emt 0:00:07]} 8. d4 {[%emt 0:09:04]} Bb7 {[%emt 0:04:54]} 9. Bd3 {[%emt 0:06:08]} dxc4 {[%emt 0:09:24]} 10. bxc4 {[%emt 0:02:18]} bxc4 {[%emt 0:00:03]} 11. Bxc4 {[%emt 0:04:09]} c5 {[%emt 0:00:57]} 12. Rd1 {[%emt 0:05:39]} cxd4 {[%emt 0:00:47]} 13. Nxd4 {[%emt 0:03:33]} Qc7 {[%emt 0:00:59]} 14. Qa4 {[%emt 0:07:44]} Bxg2 {[%emt 0:05:26]} 15. Rg1 {[%emt 0:00:48]} Bb7 {[%emt 0:04:27]} 16. f4 {[%emt 0:05:42]} Rc8 {[%emt 0:02:40]} 17. Bb3 {[%emt 0:01:36]} Qb6 {[%emt 0:01:10]} 18. a3 {[%emt 0:07:44]} g6 {[%emt 0:06:29]} 19. Nce2 {[%emt 0:05:58]} Bd5 {[%emt 0:07:41]} 20. f5 {[%emt 0:04:07]} Be7 {[%emt 0:03:46]} 21. fxe6 {[%emt 0:09:36]} fxe6 {[%emt 0:01:07]} 22. Nf4 {[%emt 0:02:17]} Bxb3 {[%emt 0:00:33]} 23. Nxb3 {[%emt 0:00:22]} Qxe3+ {[%emt 0:00:58]} 24. Ne2 {[%emt 0:00:03]} Rc2 {[%emt 0:01:47]} 25. Rd2 {[%emt 0:00:11]} Rxd2 {[%emt 0:01:57]} 26. Nxd2 {[%emt 0:00:02]} O-O {[%emt 0:00:57]} 27. Rg3 {[%emt 0:00:22]} Qb6 {[%emt 0:01:08]} 28. Bd4 {[%emt 0:00:05]} Bc5 {[%emt 0:00:25]} 29. Qc4 {[%emt 0:01:13]} Bxd4 {[%emt 0:04:35]} 30. Nxd4 {[%emt 0:00:25]} Nd5 {[%emt 0:00:47]} 31. Qd3 {[%emt 0:00:11]} Nf4 {[%emt 0:01:59]} 32. Qc3 {[%emt 0:00:05]} Nc5 {[%emt 0:01:13]} 33. Qc4 {[%emt 0:01:01]} Qd6 {[%emt 0:01:51]} 0-1